000 00227nam a22000857a 4500
008 161026b xxu||||| |||| 00| 0 eng d
100 _9959
_aSehgal.A.
245 _aMathematics Quiz Book
260 _aNew Delhi
_bLotus Publications
_c2012
999 _c3615
_d3615